Peux-tu deviner ces 25 films avec seulement 3 indices ?#1 - Statistiques

Statistiques générales
  • Ce quiz a été pris 247 fois
  • Le résultat moyen est 13 sur 25
Statistiques - réponses
Indices Réponses % Correct
Amour – Iceberg – Rose Titanic
98%
Chocolats – Plume – "Cours, Forrest, cours !" Forrest Gump
95%
Sabre laser – Vador – Jedi Star Wars
87%
Mafia – Sicile – "Offre que tu ne peux pas refuser" Le Parrain
84%
Fouet – Chapeau – Archéologue Indiana Jones
81%
Pandora – Na'vi – James Cameron Avatar
79%
Pilule rouge – Néo – Simulation Matrix
75%
Thanos – Gant – Snap Avengers : Endgame
64%
Mutants – Wolverine – Charles Xavier X-Men
61%
Valise – Danse – Tarantino Pulp Fiction
60%
Prison – Miracle – Tom Hanks La Ligne verte
59%
New York – Mary Jane – Oncle Ben Spider-Man (2002)
57%
Poker – Secret d'agent – ​​Martini James Bond (Casino Royale)
49%
Savon – Règles – Schizophrénie Fight Club
47%
Arène – Rome – "Je suis Maximus" Gladiateur
47%
Prison – Évasion – Amitié Les Évadés
41%
Anti-héros – Blagues – Régénération Deadpool
40%
Inde – Jeu télé – Destin Slumdog Millionaire
40%
Seconde Guerre mondiale – Juif – Adrien Brody Le Pianiste
37%
Chien – Assassin – Vengeance John Wick
27%
Désert – Chaos – Guerre Mad Max : Fury Road
27%
Joker – Gotham – Batman Le Chevalier noir
11%
Trou noir – Temps – Planète Interstellaire
9%
Drogue – Rêves – Tragédie Requiem pour un rêve
2%
Rêve – Toupie – Leonardo DiCaprio Création
1%
Aucun quiz correspondant
Distribution des résultats
% des personnes avec chaque résultat
Percentile par nombre de réponses
Votre historique - résultats
Vous n’avez pas pris ce quiz